Scientific communities in the Developing world / (Record no. 65350)

MARC details
000 -LEADER
fixed length control field 00606nam a22001457a 4500
005 - DATE AND TIME OF LATEST TRANSACTION
control field 2012042007087.0
020 ## - INTERNATIONAL STANDARD BOOK NUMBER
International Standard Book Number 8170365651
Terms of availability 00.00
035 ## - SYSTEM CONTROL NUMBER
System control number A-899847
037 ## - SOURCE OF ACQUISITION
Stock number DPL
Source of stock number/acquisition ENG
245 ## - TITLE STATEMENT
Title Scientific communities in the Developing world /
Statement of responsibility, etc edited by Jacques Gaillard, V.V. Krishna and Roland Waast
260 ## - PUBLICATION, DISTRIBUTION, ETC. (IMPRINT)
Place of publication, distribution, etc New Delhi
Name of publisher, distributor, etc Sage Publications
Date of publication, distribution, etc 1997
300 ## - PHYSICAL DESCRIPTION
Extent 398p.
Dimensions 22 cms.
942 ## - ADDED ENTRY ELEMENTS (KOHA)
Source of classification or shelving scheme Dewey Decimal Classification
Item type English Books
Classification part 306.45091724
Call number suffix GAI
Holdings
Withdrawn status Lost status Not for loan Collection code Home library Current library Date acquired Cost, normal purchase price Full call number Barcode Cost, replacement price Koha item type
      Non-fiction Sarojini Nagar Sarojini Nagar 20/04/2012 0.00 306.45091724 GAI A-899847 0.00 English Books

© Delhi Public Library
Hit Counter
free hit counter